Arguing in communities
Сохранить в:
| Формат: | |
|---|---|
| Опубликовано: |
1999
|
| Метки: |
Добавить метку
Нет меток, Требуется 1-ая метка записи!
|
| Thư viện lưu trữ: | Mạng thư viện Đại học Đà Nẵng |
|---|
| LEADER | 00436nam a22001811a 4500 | ||
|---|---|---|---|
| 001 | 000037293 | ||
| 003 | 13588 | ||
| 005 | 20160412020325.0 | ||
| 008 | 160412s1999 000 | ||
| 082 | |a 4A(07)258-60 | ||
| 245 | |a Arguing in communities |c Gary Layne Hatch | ||
| 260 | |c 1999 | ||
| OWN | |a LNN | ||
| 999 | |a From the UDN01 | ||
| TYP | |a Monograph | ||
| 980 | |a Mạng thư viện Đại học Đà Nẵng | ||